<?xml version="1.0" encoding="UTF-8"?>
<collection xmlns="http://www.loc.gov/MARC21/slim">
 <record>
  <leader>10775cam a2201129   4500</leader>
  <controlfield tag="001">1623927196</controlfield>
  <controlfield tag="003">DE-627</controlfield>
  <controlfield tag="005">20230301235338.0</controlfield>
  <controlfield tag="007">tu</controlfield>
  <controlfield tag="008">170303s2017    fr ||||| m    00| ||fre c</controlfield>
  <datafield tag="020" ind1=" " ind2=" ">
   <subfield code="a">9782705691943</subfield>
   <subfield code="9">978-2-7056-9194-3</subfield>
  </datafield>
  <datafield tag="020" ind1=" " ind2=" ">
   <subfield code="a">2705691944</subfield>
   <subfield code="9">2-7056-9194-4</subfield>
  </datafield>
  <datafield tag="024" ind1="3" ind2=" ">
   <subfield code="a">9782705691943</subfield>
  </datafield>
  <datafield tag="035" ind1=" " ind2=" ">
   <subfield code="a">(DE-627)1623927196</subfield>
  </datafield>
  <datafield tag="035" ind1=" " ind2=" ">
   <subfield code="a">(DE-576)484771574</subfield>
  </datafield>
  <datafield tag="035" ind1=" " ind2=" ">
   <subfield code="a">(DE-599)BSZ484771574</subfield>
  </datafield>
  <datafield tag="035" ind1=" " ind2=" ">
   <subfield code="a">(OCoLC)982083203</subfield>
  </datafield>
  <datafield tag="035" ind1=" " ind2=" ">
   <subfield code="a">(OCoLC)982083203</subfield>
  </datafield>
  <datafield tag="035" ind1=" " ind2=" ">
   <subfield code="a">(ZDB-21-EIL)3937938</subfield>
  </datafield>
  <datafield tag="040" ind1=" " ind2=" ">
   <subfield code="a">DE-627</subfield>
   <subfield code="b">ger</subfield>
   <subfield code="c">DE-627</subfield>
   <subfield code="e">rda</subfield>
  </datafield>
  <datafield tag="041" ind1=" " ind2=" ">
   <subfield code="a">fre</subfield>
  </datafield>
  <datafield tag="044" ind1=" " ind2=" ">
   <subfield code="c">XA-FR</subfield>
  </datafield>
  <datafield tag="050" ind1=" " ind2="0">
   <subfield code="a">CC</subfield>
  </datafield>
  <datafield tag="050" ind1=" " ind2="0">
   <subfield code="a">GN780.22.F8</subfield>
  </datafield>
  <datafield tag="082" ind1="0" ind2=" ">
   <subfield code="a">930</subfield>
  </datafield>
  <datafield tag="084" ind1=" " ind2=" ">
   <subfield code="a">15.19</subfield>
   <subfield code="2">bkl</subfield>
  </datafield>
  <datafield tag="084" ind1=" " ind2=" ">
   <subfield code="a">71.33</subfield>
   <subfield code="2">bkl</subfield>
  </datafield>
  <datafield tag="100" ind1="1" ind2=" ">
   <subfield code="a">Belard, Chloé</subfield>
   <subfield code="e">VerfasserIn</subfield>
   <subfield code="0">(DE-588)1128437236</subfield>
   <subfield code="0">(DE-627)882914774</subfield>
   <subfield code="0">(DE-576)485904926</subfield>
   <subfield code="4">aut</subfield>
  </datafield>
  <datafield tag="245" ind1="1" ind2="0">
   <subfield code="a">Pour une archéologie du genre</subfield>
   <subfield code="b">les femmes en Champagne à l'âge du fer</subfield>
   <subfield code="c">Chloé Belard</subfield>
  </datafield>
  <datafield tag="264" ind1=" " ind2="1">
   <subfield code="a">Paris</subfield>
   <subfield code="b">Hermann éditeurs</subfield>
   <subfield code="c">[2017]</subfield>
  </datafield>
  <datafield tag="300" ind1=" " ind2=" ">
   <subfield code="a">270 Seiten</subfield>
   <subfield code="b">Illustrationen</subfield>
  </datafield>
  <datafield tag="336" ind1=" " ind2=" ">
   <subfield code="a">Text</subfield>
   <subfield code="b">txt</subfield>
   <subfield code="2">rdacontent</subfield>
  </datafield>
  <datafield tag="337" ind1=" " ind2=" ">
   <subfield code="a">ohne Hilfsmittel zu benutzen</subfield>
   <subfield code="b">n</subfield>
   <subfield code="2">rdamedia</subfield>
  </datafield>
  <datafield tag="338" ind1=" " ind2=" ">
   <subfield code="a">Band</subfield>
   <subfield code="b">nc</subfield>
   <subfield code="2">rdacarrier</subfield>
  </datafield>
  <datafield tag="490" ind1="0" ind2=" ">
   <subfield code="a">Collection Histoire et archéologie</subfield>
  </datafield>
  <datafield tag="500" ind1=" " ind2=" ">
   <subfield code="a">Thesis</subfield>
  </datafield>
  <datafield tag="502" ind1=" " ind2=" ">
   <subfield code="b">Dissertation</subfield>
   <subfield code="c">École pratique des hautes études Paris</subfield>
   <subfield code="d">2014</subfield>
  </datafield>
  <datafield tag="505" ind1="8" ind2="0">
   <subfield code="a">Des objets de parure annulaire confus pour être aisément portés -- Les catégories de parure rares: des usages spécifiques -- Des objets de parure usés, réparés et réemployés -- Des objets de parure rigoureusement associés -- Des associations stylistiquement hétérogènes -- Des associations de parures &quot;incomplètes&quot; fondées sur des ornements de base -- Les bracelets, éléments structurants des assemblages -- Principales tendances de la constitution des assemblages de parure -- Diversité et importance du nombre des bracelets au Hallstatt D2/3 -- Singularisation des assemblages de parure les mieux dotés à La Tène A-B1 -- Nouveautés et traditions dans les assemblages de La Tène B2-C1 -- Le rapport complexe des objets de parure aux défunts -- Un lien symbolique et renégociable avec le corps du défunt -- Intersectionnalité des significations des objets de parure -- Des objets et assemblages de parure évolutifs dans les tombes des jeunes enfants -- Un processus d'ornementation cumulatif -- pt. 4. Le genre comme méthode d'analyse en archéologie funéraire -- Les identités de genre en archéologie : entre &quot;réalité idéelle&quot; et réalité sociale -- Des femmes et des hommes archéologiquement féminins -- Les défunts &quot;bigenre&quot; ou de genre indéterminable -- La représentation funéraire des femmes en Champagne à l'âge du fer -- Une idéologie flexible du genre: des défuntes en représentations -- Une féminité décalée par rapport au vécu des femmes -- Catégories funéraires archéologiques des femmes -- Les femmes et le(s) pouvoir(s) -- Des femmes &quot;proches du pouvoir&quot;? -- Les liens entre les femmes et le pouvoir politico-économique -- Des femmes &quot;féminines&quot; inhumées comme des &quot;chefs.&quot;</subfield>
  </datafield>
  <datafield tag="505" ind1="8" ind2="0">
   <subfield code="a">pt. 1. &quot;Éternalisation de l'arbitraire&quot; ou l'invention d'une tradition archéologique -- L'approche traditionnelle des vestiges funéraires -- L'amalgame entre l'identité personnelle et l'identité sociale du défunt -- L'attribution &quot;sexuée&quot; des ensembles sépulcraux -- La lecture des nécropoles champenoises selon l'approche traditionnelle -- Des tombes &quot;masculines&quot; et des tombes &quot;féminines&quot;? -- Les limites de l'approche traditionnelle des vestiges -- Le problème de la &quot;visibilité archéologique du sexe&quot; des défunts -- Une tentative de &quot;sexuation&quot; d'une catégorie d'objets: les torques -- Le problème des défunts &quot;indéterminés&quot; et des tombes &quot;aberrantes&quot; -- La perpétuation des stéréotypes en archéologie funéraire -- L'image des femmes et de leurs rôles sociaux à l'âge du fer -- Des stéréotypes modernes appliqués aux vestiges sépulcraux -- La caractérisation des tombes &quot;féminines&quot; -- Le &quot;problème&quot; des tombes à char de femmes -- Les rôles sociaux traditionnellement dévolus aux femmes -- L'iconographie des femmes à l'âge du fer -- Des femmes nécessairement &quot;féminines&quot; dans les images modernes -- Les femmes et le domaine domestique: une association assumée, -- Les représentations de la-&quot;bonne épouse&quot; et de la &quot;famille gauloise&quot; -- Les femmes dans l'art de l'âge du fer ouest- et centre-européen -- pt. 2. Genre et archéologie funéraire : une question de méthode -- Une analyse archéologique fondée sur la notion de genre -- Un inventaire raisonné -- Sexe et genre en archéologie funéraire -- Des critères funéraires exclusifs, indicatifs ou indépendants du genre des défunts -- L'implication de la représentation matérielle du genre dans les ensembles funéraires -- Une distinction archéologique homme/femme secondaire -- Spécificité des catégories d'objets indicatives du genre -- Des critères indicatifs du genre impliquant différents facteurs sociaux -- L'intersectionnalité: une notion essentielle en archéologie funéraire -- &quot;On ne naît pas femme: on le devient&quot;. -- ... et on ne devient pas seulement &quot;femme&quot; ou &quot;homme&quot; dans la mort -- Une nouvelle méthode d'étude adaptée à l'ensemble des défunts -- Adopter un point de vue hiérarchique pour les nécropoles champenoises -- La dotation quantitative des assemblages mobiliers comme base de travail -- Un outil graphique développé: la représentation semi-logarithmique -- Le niveau hiérarchique funéraire: une nouvelle variable de comparaison entre les catégories d'objets -- Une grande diversité des niveaux hiérarchiques pour les critères indicatifi du genre féminin au Hallstatt D2/3 -- Une grande similarité des niveaux hiérarchiques pour les critères indépendants et indicatifi des deux genres à La Tène A-B.1 -- Un niveau hiérarchique très élevé pour tous les critères indicatifs du genre masculin à La Tène B2-C1 -- Principaux éléments interprétatifs -- Des niveaux hiérarchiques similaires pour les catégories d'objets indicatives des deux genres -- Réhabilitation des objets indépendants du genre -- Hommes et femmes: des entités sociales diverses -- pt. 3. Des associations de parure analysées en fonction du genre -- Les associations d'objets de parure : une question de choix et d'usages -- Des choix précis et &quot;pratiques.&quot;</subfield>
  </datafield>
  <datafield tag="520" ind1=" " ind2=" ">
   <subfield code="a">En imaginant qu'une arme dans une tombe indiquait à coup sûr que le défunt était un homme et qu'un collier laissait entendre la présence d'une femme, les spécialistes se sont longtemps contentés de plaquer leur vision de la société contemporaine sur le monde celtique. En se penchant sur le cas des tombes datant de l'âge du fer (VIIIe-Ier siècle av. J.-C.) découvertes en Champagne, Chloé Belard parvient à démontrer à quel point ces idées préconçues se révèlent inexactes, tout en éclairant leurs fondements historiographiques et idéologiques.0Une lance ou une épée pouvaient tout aussi bien orner les sépultures des femmes que celles des hommes. C'est dire à quel point le poids des femmes à été sous-estimé chez les Celtes. L'auteur en vient à proposer une nouvelle méthode d'analyse, une archéologie du genre, qui s'appuie sur une réflexion historique et anthropologique novatrice et qui appelle à reconsidérer la place des femmes non seulement dans la société celte, mais aussi dans l'ensemble du monde antique</subfield>
  </datafield>
  <datafield tag="650" ind1=" " ind2="0">
   <subfield code="a">Sex role</subfield>
   <subfield code="x">History</subfield>
   <subfield code="x">France</subfield>
   <subfield code="x">Champagne-Ardenne</subfield>
  </datafield>
  <datafield tag="650" ind1=" " ind2="0">
   <subfield code="a">Women, Prehistoric</subfield>
   <subfield code="x">France</subfield>
   <subfield code="x">Champagne-Ardenne</subfield>
  </datafield>
  <datafield tag="650" ind1=" " ind2="0">
   <subfield code="a">Iron age</subfield>
   <subfield code="x">France</subfield>
   <subfield code="x">Champagne-Ardenne</subfield>
  </datafield>
  <datafield tag="650" ind1=" " ind2="0">
   <subfield code="a">Funeral rites and ceremonies</subfield>
   <subfield code="x">France</subfield>
   <subfield code="x">Champagne-Ardenne</subfield>
  </datafield>
  <datafield tag="650" ind1=" " ind2="0">
   <subfield code="a">Excavations (Archaeology)</subfield>
   <subfield code="x">France</subfield>
   <subfield code="x">Champagne-Ardenne</subfield>
  </datafield>
  <datafield tag="650" ind1=" " ind2="0">
   <subfield code="a">Feminist archaeology</subfield>
  </datafield>
  <datafield tag="650" ind1=" " ind2="0">
   <subfield code="a">Sex role</subfield>
   <subfield code="z">France</subfield>
   <subfield code="z">Champagne-Ardenne</subfield>
   <subfield code="x">History</subfield>
  </datafield>
  <datafield tag="650" ind1=" " ind2="0">
   <subfield code="a">Women, Prehistoric</subfield>
   <subfield code="z">France</subfield>
   <subfield code="z">Champagne-Ardenne</subfield>
  </datafield>
  <datafield tag="650" ind1=" " ind2="0">
   <subfield code="a">Iron age</subfield>
   <subfield code="z">France</subfield>
   <subfield code="z">Champagne-Ardenne</subfield>
  </datafield>
  <datafield tag="650" ind1=" " ind2="0">
   <subfield code="a">Funeral rites and ceremonies</subfield>
   <subfield code="z">France</subfield>
   <subfield code="z">Champagne-Ardenne</subfield>
  </datafield>
  <datafield tag="650" ind1=" " ind2="0">
   <subfield code="a">Excavations (Archaeology)</subfield>
   <subfield code="z">France</subfield>
   <subfield code="z">Champagne-Ardenne</subfield>
  </datafield>
  <datafield tag="650" ind1=" " ind2="0">
   <subfield code="a">Feminist archaeology</subfield>
  </datafield>
  <datafield tag="650" ind1=" " ind2="4">
   <subfield code="a">Excavations (Archaeology)</subfield>
  </datafield>
  <datafield tag="650" ind1=" " ind2="4">
   <subfield code="a">Feminist archaeology</subfield>
  </datafield>
  <datafield tag="650" ind1=" " ind2="4">
   <subfield code="a">Funeral rites and ceremonies</subfield>
  </datafield>
  <datafield tag="650" ind1=" " ind2="4">
   <subfield code="a">Iron age</subfield>
  </datafield>
  <datafield tag="650" ind1=" " ind2="4">
   <subfield code="a">Sex role</subfield>
  </datafield>
  <datafield tag="650" ind1=" " ind2="4">
   <subfield code="a">Women, Prehistoric</subfield>
  </datafield>
  <datafield tag="650" ind1=" " ind2="4">
   <subfield code="a">Champagne-Ardenne (France)</subfield>
  </datafield>
  <datafield tag="651" ind1=" " ind2="0">
   <subfield code="a">Champagne-Ardenne (France)</subfield>
   <subfield code="x">Antiquities</subfield>
  </datafield>
  <datafield tag="651" ind1=" " ind2="0">
   <subfield code="a">Champagne-Ardenne (France)</subfield>
   <subfield code="x">Antiquities</subfield>
  </datafield>
  <datafield tag="655" ind1=" " ind2="7">
   <subfield code="a">Hochschulschrift</subfield>
   <subfield code="0">(DE-588)4113937-9</subfield>
   <subfield code="0">(DE-627)105825778</subfield>
   <subfield code="0">(DE-576)209480580</subfield>
   <subfield code="2">gnd-content</subfield>
  </datafield>
  <datafield tag="689" ind1="0" ind2="0">
   <subfield code="d">g</subfield>
   <subfield code="0">(DE-588)4009728-6</subfield>
   <subfield code="0">(DE-627)106361082</subfield>
   <subfield code="0">(DE-576)20888436X</subfield>
   <subfield code="a">Champagne</subfield>
   <subfield code="2">gnd</subfield>
  </datafield>
  <datafield tag="689" ind1="0" ind2="1">
   <subfield code="d">s</subfield>
   <subfield code="0">(DE-588)4018202-2</subfield>
   <subfield code="0">(DE-627)104270705</subfield>
   <subfield code="0">(DE-576)208923209</subfield>
   <subfield code="a">Frau</subfield>
   <subfield code="2">gnd</subfield>
  </datafield>
  <datafield tag="689" ind1="0" ind2="2">
   <subfield code="d">s</subfield>
   <subfield code="0">(DE-588)4021716-4</subfield>
   <subfield code="0">(DE-627)106312588</subfield>
   <subfield code="0">(DE-576)208939539</subfield>
   <subfield code="a">Grab</subfield>
   <subfield code="2">gnd</subfield>
  </datafield>
  <datafield tag="689" ind1="0" ind2="3">
   <subfield code="d">s</subfield>
   <subfield code="0">(DE-588)4071507-3</subfield>
   <subfield code="0">(DE-627)104642874</subfield>
   <subfield code="0">(DE-576)209184205</subfield>
   <subfield code="a">Funde</subfield>
   <subfield code="2">gnd</subfield>
  </datafield>
  <datafield tag="689" ind1="0" ind2="4">
   <subfield code="d">s</subfield>
   <subfield code="0">(DE-588)4030206-4</subfield>
   <subfield code="0">(DE-627)106271091</subfield>
   <subfield code="0">(DE-576)208986308</subfield>
   <subfield code="a">Kelten</subfield>
   <subfield code="2">gnd</subfield>
  </datafield>
  <datafield tag="689" ind1="0" ind2="5">
   <subfield code="d">s</subfield>
   <subfield code="0">(DE-588)4014102-0</subfield>
   <subfield code="0">(DE-627)106341162</subfield>
   <subfield code="0">(DE-576)208906533</subfield>
   <subfield code="a">Eisenzeit</subfield>
   <subfield code="2">gnd</subfield>
  </datafield>
  <datafield tag="689" ind1="0" ind2=" ">
   <subfield code="5">DE-101</subfield>
  </datafield>
  <datafield tag="689" ind1="1" ind2="0">
   <subfield code="d">g</subfield>
   <subfield code="0">(DE-588)4009728-6</subfield>
   <subfield code="0">(DE-627)106361082</subfield>
   <subfield code="0">(DE-576)20888436X</subfield>
   <subfield code="a">Champagne</subfield>
   <subfield code="2">gnd</subfield>
  </datafield>
  <datafield tag="689" ind1="1" ind2="1">
   <subfield code="d">s</subfield>
   <subfield code="0">(DE-588)4018202-2</subfield>
   <subfield code="0">(DE-627)104270705</subfield>
   <subfield code="0">(DE-576)208923209</subfield>
   <subfield code="a">Frau</subfield>
   <subfield code="2">gnd</subfield>
  </datafield>
  <datafield tag="689" ind1="1" ind2="2">
   <subfield code="d">s</subfield>
   <subfield code="0">(DE-588)4021716-4</subfield>
   <subfield code="0">(DE-627)106312588</subfield>
   <subfield code="0">(DE-576)208939539</subfield>
   <subfield code="a">Grab</subfield>
   <subfield code="2">gnd</subfield>
  </datafield>
  <datafield tag="689" ind1="1" ind2="3">
   <subfield code="d">s</subfield>
   <subfield code="0">(DE-588)4071507-3</subfield>
   <subfield code="0">(DE-627)104642874</subfield>
   <subfield code="0">(DE-576)209184205</subfield>
   <subfield code="a">Funde</subfield>
   <subfield code="2">gnd</subfield>
  </datafield>
  <datafield tag="689" ind1="1" ind2="4">
   <subfield code="d">s</subfield>
   <subfield code="0">(DE-588)4030206-4</subfield>
   <subfield code="0">(DE-627)106271091</subfield>
   <subfield code="0">(DE-576)208986308</subfield>
   <subfield code="a">Kelten</subfield>
   <subfield code="2">gnd</subfield>
  </datafield>
  <datafield tag="689" ind1="1" ind2="5">
   <subfield code="d">s</subfield>
   <subfield code="0">(DE-588)4014102-0</subfield>
   <subfield code="0">(DE-627)106341162</subfield>
   <subfield code="0">(DE-576)208906533</subfield>
   <subfield code="a">Eisenzeit</subfield>
   <subfield code="2">gnd</subfield>
  </datafield>
  <datafield tag="689" ind1="1" ind2=" ">
   <subfield code="5">(DE-627)</subfield>
  </datafield>
  <datafield tag="751" ind1=" " ind2=" ">
   <subfield code="a">Paris</subfield>
   <subfield code="0">(DE-588)4044660-8</subfield>
   <subfield code="0">(DE-627)106204734</subfield>
   <subfield code="0">(DE-576)209061790</subfield>
   <subfield code="4">uvp</subfield>
  </datafield>
  <datafield tag="787" ind1="0" ind2="8">
   <subfield code="i">Rezensiert in</subfield>
   <subfield code="a">Chossenot, Michel</subfield>
   <subfield code="t">[Rezension von: Chloé Belard, Pour une archéologie du genre. Les femmes en Champagne à l'âge du fer]</subfield>
   <subfield code="d">2017</subfield>
   <subfield code="w">(DE-627)1811486150</subfield>
  </datafield>
  <datafield tag="889" ind1=" " ind2=" ">
   <subfield code="w">(DE-627)881898996</subfield>
  </datafield>
  <datafield tag="935" ind1=" " ind2=" ">
   <subfield code="i">mdedup</subfield>
  </datafield>
  <datafield tag="936" ind1="b" ind2="k">
   <subfield code="a">15.19</subfield>
   <subfield code="j">Vor- und Frühgeschichte</subfield>
   <subfield code="0">(DE-627)10640329X</subfield>
  </datafield>
  <datafield tag="936" ind1="b" ind2="k">
   <subfield code="a">71.33</subfield>
   <subfield code="j">Frau</subfield>
   <subfield code="x">Soziologie</subfield>
   <subfield code="0">(DE-627)106412671</subfield>
  </datafield>
  <datafield tag="951" ind1=" " ind2=" ">
   <subfield code="a">BO</subfield>
  </datafield>
  <datafield tag="990" ind1=" " ind2=" ">
   <subfield code="a">Champagne</subfield>
  </datafield>
  <datafield tag="990" ind1=" " ind2=" ">
   <subfield code="a">Frau</subfield>
  </datafield>
  <datafield tag="990" ind1=" " ind2=" ">
   <subfield code="a">Grab</subfield>
  </datafield>
  <datafield tag="990" ind1=" " ind2=" ">
   <subfield code="a">Funde</subfield>
  </datafield>
  <datafield tag="990" ind1=" " ind2=" ">
   <subfield code="a">Kelten</subfield>
  </datafield>
  <datafield tag="990" ind1=" " ind2=" ">
   <subfield code="a">Eisenzeit</subfield>
  </datafield>
  <datafield tag="990" ind1=" " ind2=" ">
   <subfield code="a">Champagne</subfield>
  </datafield>
  <datafield tag="990" ind1=" " ind2=" ">
   <subfield code="a">Frau</subfield>
  </datafield>
  <datafield tag="990" ind1=" " ind2=" ">
   <subfield code="a">Grab</subfield>
  </datafield>
  <datafield tag="990" ind1=" " ind2=" ">
   <subfield code="a">Funde</subfield>
  </datafield>
  <datafield tag="990" ind1=" " ind2=" ">
   <subfield code="a">Kelten</subfield>
  </datafield>
  <datafield tag="990" ind1=" " ind2=" ">
   <subfield code="a">Eisenzeit</subfield>
  </datafield>
  <datafield tag="991" ind1=" " ind2=" ">
   <subfield code="a">Rezensiertes Werk</subfield>
  </datafield>
  <datafield tag="999" ind1=" " ind2=" ">
   <subfield code="a">KXP-PPN1623927196</subfield>
   <subfield code="e">4172869521</subfield>
  </datafield>
 </record>
</collection>
